|
|
|
|
| LEADER |
01464nam a22003614a 4500 |
| 001 |
35281 |
| 003 |
BD-DhAAL |
| 005 |
20190909110744.0 |
| 008 |
190909t2004 njua b 001 0 eng d |
| 999 |
|
|
|c 41166
|d 41166
|
| 010 |
|
|
|a 2003040816
|
| 020 |
|
|
|a 0805843876 (hbk. : alk. paper)
|
| 020 |
|
|
|a 9780805843873
|
| 040 |
|
|
|a DLC
|c DLC
|d DLC
|d BD-DhAAL
|
| 042 |
|
|
|a pcc
|
| 050 |
0 |
0 |
|a QH438.5
|b .N38 2004
|
| 082 |
0 |
0 |
|a 155.234
|2 21
|
| 245 |
0 |
0 |
|a Nature and nurture :
|b the complex interplay of genetic and environmental influences on human behavior and development /
|c edited by Cynthia García Coll, Elaine L. Bearer, Richard M. Lerner.
|
| 260 |
|
|
|a Mahwah, N.J. :
|b Lawrence Erlbaum,
|c c2004.
|
| 300 |
|
|
|a xxiii, 253 pages :
|b illustrations ;
|c 24 cm.
|
| 504 |
|
|
|a Includes bibliographical references and indexes.
|
| 526 |
|
|
|a BIED
|
| 541 |
|
|
|a Complimentary copy from BIED
|e 35281
|
| 650 |
|
0 |
|a Nature and nurture.
|9 34261
|
| 650 |
|
0 |
|a Behavior genetics.
|9 34262
|
| 650 |
|
0 |
|a Human genetics.
|9 34263
|
| 650 |
|
0 |
|a Human behavior.
|9 34264
|
| 700 |
1 |
|
|a García Coll, Cynthia T.
|9 34265
|
| 700 |
1 |
|
|a Bearer, Elaine L.
|9 34266
|
| 700 |
1 |
|
|a Lerner, Richard M.
|9 34267
|
| 852 |
|
|
|a Ayesha Abed Library
|c General Stacks
|
| 942 |
|
|
|2 ddc
|c BK
|
| 952 |
|
|
|0 0
|1 0
|2 ddc
|4 0
|6 155_234000000000000_NAT
|7 0
|9 66198
|a BRACUL
|b BRACUL
|c GEN
|d 2019-09-09
|e Complimentary copy from BIED
|l 0
|o 155.234 NAT
|p 3010035281
|r 2019-09-09
|t 1
|w 2019-09-09
|y BK
|x Transferred from BIED to General Stacks
|